[Event "35 Masters 2011"]
[Site "Rennes"]
[Date "2011.06.11"]
[Round "1.1"]
[White "Alanic, Xavier"]
[Black "Dugue, Benoit"]
[Result "1/2-1/2"]
[WhiteElo "2287"]
[BlackElo "1873"]
[PlyCount "66"]
[EventDate "2011.??.??"]

1. e4 c6 2. d4 d5 3. e5 c5 4. dxc5 Nc6 5. Bb5 e6 6. Be3 Bd7 7. Bxc6 Bxc6 8. Nf3
Qa5+ 9. c3 Bb5 10. b4 Qc7 11. a4 Bc4 12. Na3 Rd8 13. Bd4 b6 14. Nxc4 dxc4 15.
cxb6 axb6 16. Qe2 Ne7 17. O-O Nf5 18. Rfd1 Be7 19. a5 Nxd4 20. Nxd4 O-O 21.
axb6 Qxb6 22. Qxc4 Rc8 23. Qb5 Qc7 24. Ne2 Rfd8 25. Kf1 f6 26. f4 fxe5 27. Qxe5
Qc4 28. Rxd8+ Rxd8 29. Rc1 Rd2 30. f5 $4 Rxe2 31. Qxe2 Qf4+ 32. Qf3 Qxc1+ 33.
Ke2 Qc2+ {(=)} 1/2-1/2

[Event "35 Masters 2011"]
[Site "Rennes"]
[Date "2011.06.11"]
[Round "1.2"]
[White "Perez, Javier"]
[Black "Le Marec, Simon"]
[Result "0-1"]
[WhiteElo "1870"]
[BlackElo "2115"]
[PlyCount "60"]
[EventDate "2011.??.??"]

1. d4 e6 2. c4 Bb4+ 3. Nc3 c5 4. e3 Nf6 5. Bd3 O-O 6. Nf3 Nc6 7. O-O Bxc3 8.
bxc3 d6 9. Qc2 e5 10. Rd1 Qc7 11. d5 Na5 12. Ng5 h6 13. Nh7 Nxh7 14. Bxh7+ Kh8
15. Bd3 f5 16. f4 e4 17. Bf1 Qd7 18. Be2 b6 19. g4 Ba6 20. gxf5 Qxf5 21. Kh1
Rae8 22. Rg1 Bxc4 23. Bxc4 Nxc4 24. Qg2 Re7 25. Bb2 Qh5 26. Bc1 Qf3 27. Qxf3
exf3 28. a4 Rf5 29. a5 b5 30. Re1 Rxf4 0-1

[Event "35 Masters 2011"]
[Site "Rennes"]
[Date "2011.06.11"]
[Round "1.3"]
[White "Theon, Pierre"]
[Black "Dupitier, Mickael"]
[Result "1-0"]
[WhiteElo "2103"]
[BlackElo "1853"]
[PlyCount "59"]
[EventDate "2011.??.??"]

1. e4 c5 2. Nf3 d6 3. d4 cxd4 4. Nxd4 Nf6 5. Nc3 a6 6. Qe2 e6 7. g4 Nc6 8. Nb3
b5 9. Bg2 Bb7 10. g5 b4 11. Nd1 Nd7 12. f4 a5 13. Be3 Ba6 14. Qg4 a4 15. Nd2
Rc8 16. Nf2 Qc7 17. Nd3 g6 18. O-O h6 19. Nf3 Bg7 20. Rf2 h5 21. Qh3 O-O 22. f5
exf5 23. exf5 Be5 24. fxg6 fxg6 25. Qe6+ Kh7 26. Nh4 Bxh2+ 27. Kxh2 Bxd3 28.
Rf7+ Rxf7 29. Qxf7+ Kh8 30. cxd3 1-0

[Event "35 Masters 2011"]
[Site "Rennes"]
[Date "2011.06.11"]
[Round "1.4"]
[White "Vandomel, Fabrice"]
[Black "Aubry, Yannis"]
[Result "0-1"]
[WhiteElo "1841"]
[BlackElo "2055"]
[PlyCount "78"]
[EventDate "2011.??.??"]

1. e4 d6 2. d4 Nf6 3. Nc3 e5 4. Nf3 Nbd7 5. Bc4 Be7 6. O-O O-O 7. h3 c6 8. Be2
Qc7 9. Be3 b5 10. a3 a6 11. Nh2 Re8 12. f4 exd4 13. Bxd4 Bf8 14. Bf3 Bb7 15.
Re1 c5 16. Bf2 b4 17. Nd5 Nxd5 18. exd5 a5 19. Ng4 g6 20. Qd2 Bg7 21. c3 f5 22.
Ne3 bxc3 23. bxc3 Nf6 24. Rab1 Ba6 25. g4 Ne4 26. Bxe4 fxe4 27. c4 Rf8 28. Bg3
Rae8 29. h4 Bd4 30. Qc2 Bc8 31. Qd1 Qd7 32. Kg2 Ba6 33. Qc2 Bxe3 34. Rxe3 Qxg4
35. Rxe4 Bc8 36. Rxe8 Rxe8 37. Qb3 a4 38. Qc3 Qe2+ 39. Bf2 Qe4+ 0-1

[Event "35 Masters 2011"]
[Site "Rennes"]
[Date "2011.06.11"]
[Round "1.5"]
[White "Louis, Corentin"]
[Black "Charpentier, Maxime"]
[Result "1-0"]
[WhiteElo "1946"]
[BlackElo "1824"]
[PlyCount "117"]
[EventDate "2011.??.??"]

1. c4 e5 2. Nc3 Nf6 3. Nf3 Nc6 4. e4 Bb4 5. d3 O-O 6. g3 d6 7. Bg2 Bg4 8. h3
Be6 9. O-O Nd7 10. a3 Bxc3 11. bxc3 Nc5 12. Re1 Na5 13. Rb1 f5 14. Ng5 Bd7 15.
exf5 Bxf5 16. Ne4 Nxe4 17. Bxe4 Bxe4 18. Rxe4 Qd7 19. Rg4 Qf5 20. Be3 b6 21.
Qe2 Nc6 22. Rf1 Rf7 23. d4 Raf8 24. Qb2 Ne7 25. Qe2 Kh8 26. Kg2 {(=)} Ng8 27.
Rg5 Qe6 28. Bd2 h6 29. Rh5 Nf6 30. Rh4 Kh7 31. f3 Qf5 32. g4 Qc2 {(=)} 33. g5
Ng8 34. Rf2 exd4 35. gxh6 gxh6 36. cxd4 Re7 37. Rxh6+ Kg7 38. Re6 Rxe6 39. Bh6+
Nxh6 40. Qxc2 Rg6+ 41. Kh2 Nf5 42. d5 Nh4 43. Qe2 Rf7 44. Qe4 Nf5 45. f4 Rg3
46. Rg2 Rxg2+ 47. Kxg2 Kg6 48. Kf3 Re7 49. Qd3 Kf6 50. Qc3+ Kg6 51. Qd2 Kf6 52.
Qf2 Rg7 53. h4 Rh7 54. Kg4 Rg7+ 55. Kh3 Rh7 56. Qb2+ Kg6 57. Qg2+ Kf7 58. Qg4
Nd4 59. f5 1-0

[Event "35 Masters 2011"]
[Site "Rennes"]
[Date "2011.06.11"]
[Round "1.6"]
[White "Collet, Davy"]
[Black "Castel, Efflam"]
[Result "0-1"]
[WhiteElo "1796"]
[BlackElo "1922"]
[PlyCount "94"]
[EventDate "2011.??.??"]

1. e4 d5 2. exd5 Nf6 3. d4 Nxd5 4. Nf3 Bg4 5. Be2 Nc6 6. c4 Nb6 7. b3 Bxf3 8.
Bxf3 Nxd4 9. Bxb7 Rb8 10. Bb2 e5 11. Bxd4 Qxd4 12. Bc6+ Nd7 13. O-O Rb6 14.
Bxd7+ Qxd7 15. Qxd7+ Kxd7 16. Nc3 c6 17. Rfd1+ Kc7 18. Rd3 Be7 19. Rad1 Rd8 20.
Kf1 Rbb8 21. Ke2 Rxd3 22. Rxd3 Rd8 23. Rf3 f6 24. Rh3 Bb4 25. Nb1 h6 26. Rg3
Rd7 27. a3 Bd6 28. Rc3 e4 29. h3 Be5 30. Rc2 f5 31. Rd2 Rxd2+ 32. Nxd2 Bb2 33.
a4 Kd6 34. f3 Bc3 35. Nb1 Bb4 36. Ke3 Ke5 37. f4+ Kd6 38. g4 g6 39. Kd4 Bc5+
40. Kc3 Be3 41. gxf5 gxf5 42. b4 Bxf4 43. b5 cxb5 44. cxb5 Kc5 45. Na3 Be5+ 46.
Kb3 f4 47. Nc2 f3 0-1

[Event "35 Masters 2011"]
[Site "Rennes"]
[Date "2011.06.11"]
[Round "1.7"]
[White "Maulana, Kahfi"]
[Black "Bordais, Baptiste"]
[Result "1-0"]
[WhiteElo "1917"]
[BlackElo "1780"]
[PlyCount "62"]
[EventDate "2011.??.??"]

1. e4 c6 2. Ne2 d5 3. e5 Bf5 4. Ng3 Bg6 5. e6 fxe6 6. d4 Nf6 7. Bf4 Qb6 8. b3
Bxc2 9. Qxc2 Qxd4 10. Bd2 Nbd7 11. Be2 O-O-O 12. Nc3 Kb8 13. Be3 Qb4 14. a3 Qd6
15. O-O g6 16. Rad1 Bg7 17. Nce4 Nxe4 18. Nxe4 Qc7 19. Ng5 e5 20. Ne6 Qd6 21.
Nxd8 Rxd8 22. b4 d4 23. f4 exf4 24. Bxf4 e5 25. Bg5 Rh8 26. Rf7 Bf6 27. Rxd7
Qxd7 28. Bxf6 Re8 29. Qe4 Ka8 30. Bxe5 Qc7 31. Bxc7 Rxe4 1-0

[Event "35 Masters 2011"]
[Site "Rennes"]
[Date "2011.06.11"]
[Round "1.8"]
[White "Huard, Herve"]
[Black "Busnel, Laurent"]
[Result "1/2-1/2"]
[WhiteElo "1770"]
[BlackElo "1913"]
[PlyCount "65"]
[EventDate "2011.??.??"]

1. Nf3 d5 2. d3 g6 3. Nbd2 Bg7 4. g3 Nf6 5. Bg2 O-O 6. O-O Re8 7. Re1 e5 8. e4
dxe4 9. dxe4 Nc6 10. c3 Qe7 11. Qe2 Qc5 12. Nb3 Qe7 13. Bd2 a5 14. Rad1 b6 15.
Bc1 Ba6 16. Qc2 Rad8 17. Bf1 Bxf1 18. Rxf1 h6 19. Kg2 Qe6 20. Qb1 Qg4 21. Nbd2
Rd7 22. h3 Qe6 23. b3 Red8 24. Qc2 Rd3 25. Rde1 Qe7 26. Nc4 Kh7 27. Re3 R3d7
28. Nb2 Bf8 29. Ne1 Qe6 30. Ned3 Ba3 31. Re2 Kg7 32. Qd2 Ng8 33. Qc2 1/2-1/2

[Event "35 Masters 2011"]
[Site "Rennes"]
[Date "2011.06.11"]
[Round "1.9"]
[White "Fisson, Sebastien"]
[Black "Ferret-Leger, Gaspard"]
[Result "1-0"]
[WhiteElo "1910"]
[BlackElo "1756"]
[PlyCount "131"]
[EventDate "2011.??.??"]

1. c4 e5 2. Nc3 d6 3. Qc2 c6 4. e3 Nf6 5. Nge2 Be6 6. Ng3 d5 7. cxd5 Nxd5 8. a3
g6 9. Be2 Bg7 10. b4 O-O 11. Bb2 Nd7 12. h4 h6 13. h5 g5 14. Bd3 a5 15. O-O
axb4 16. Nxd5 cxd5 17. Bh7+ Kh8 18. axb4 Rc8 19. Qb1 Nf6 20. Bf5 Ng8 21. Ra7
Qb6 22. Qa1 Bxf5 23. Nxf5 f6 24. Qa4 Rc7 25. Ra1 Ne7 26. Nxg7 Kxg7 27. b5 Nc6
28. Ba3 Nxa7 29. Bxf8+ Kxf8 30. Qxa7 Qd6 31. Qb8+ Kg7 32. Ra8 Rc1+ 33. Kh2 Qxb8
34. Rxb8 Rc7 35. Rd8 Kf7 36. Rxd5 Ke6 37. Rd8 Rd7 38. Rxd7 Kxd7 39. g3 Kd6 40.
f4 g4 41. Kg2 e4 42. Kf2 Kc5 43. Ke2 Kc4 44. b6 f5 45. d4 exd3+ 46. Kd2 Kc5 47.
Kxd3 Kxb6 48. e4 fxe4+ 49. Kxe4 Kc6 50. Ke5 b5 51. Ke6 b4 52. f5 b3 53. f6 b2
54. f7 b1=Q 55. f8=Q Qe4+ 56. Kf7 Qf5+ 57. Kg7 Qg5+ 58. Kh7 Kd5 59. Qf7+ Kc5
60. Qg6 Qe7+ 61. Kxh6 Qf8+ 62. Kg5 Qd8+ 63. Kxg4 Qd4+ 64. Kh3 Qd7+ 65. Qg4 Qf7
66. Qg5+ 1-0

[Event "35 Masters 2011"]
[Site "Rennes"]
[Date "2011.06.11"]
[Round "1.10"]
[White "Stievenard, Hugo"]
[Black "Prioul, Jean"]
[Result "1/2-1/2"]
[WhiteElo "1720"]
[BlackElo "1905"]
[PlyCount "153"]
[EventDate "2011.??.??"]

1. e4 d6 2. d4 g6 3. Nc3 Bg7 4. Be3 a6 5. Qd2 b5 6. g3 Bb7 7. Bg2 Nd7 8. Nge2
Nb6 9. b3 b4 10. Nd1 c5 11. Rb1 Qc7 12. c3 Nf6 13. cxb4 Bxe4 14. Bxe4 Nxe4 15.
Qc2 Qb7 16. bxc5 Nxc5 17. O-O Ne6 18. Qd2 O-O 19. Ndc3 Rfc8 20. Rbc1 h5 21. Qd3
Nc7 22. Bg5 Ncd5 23. Nxd5 Nxd5 24. Qe4 e6 25. Nc3 Kf8 26. Nxd5 Qxd5 27. Qxd5
exd5 28. Be3 Ke7 29. Rfd1 Kd7 30. Kf1 a5 31. Ke2 a4 32. b4 Rc4 33. a3 Rac8 34.
Kd3 Ke6 35. f3 {(=)} Kd7 36. Re1 R8c7 37. g4 hxg4 38. fxg4 Kc8 39. Rf1 Kb7 40.
Rxc4 dxc4+ 41. Kc3 d5 42. Rf3 f6 43. h4 Re7 44. g5 f5 45. Bf2 Re2 46. Re3 Bxd4+
47. Kxd4 Rd2+ 48. Kc3 Rxf2 49. Re6 Rf3+ 50. Kb2 Rb3+ 51. Kc2 Rxa3 52. Rxg6 Rh3
53. Rf6 Rxh4 54. Rxf5 Kc6 55. b5+ Kxb5 56. Rxd5+ Kb4 57. g6 Rg4 58. Rd6 Rg2+
59. Kb1 Kc3 60. Rf6 a3 61. Rf3+ Kb4 62. Rf6 a2+ 63. Ka1 Kb3 64. Rb6+ Kc3 65.
Rf6 Kc2 66. Kxa2 c3 67. Rd6 Kc1+ 68. Ka1 c2 69. Ka2 Rg3 70. Rf6 Rg2 71. Rd6 Rg5
72. Ra6 Rg4 73. Rc6 Rg5 74. Ra6 Kd1 75. Rd6+ Kc1 76. Ra6 Kd1 77. Rd6+ 1/2-1/2

[Event "35 Masters 2011"]
[Site "Rennes"]
[Date "2011.06.11"]
[Round "1.11"]
[White "Wirth, Thierry"]
[Black "Henry, Solenne"]
[Result "1-0"]
[WhiteElo "1897"]
[BlackElo "1707"]
[PlyCount "65"]
[EventDate "2011.??.??"]

1. e4 e6 2. d4 d5 3. exd5 exd5 4. Bd3 Bd6 5. Ne2 Qh4 6. h3 Ne7 7. Nd2 Bg4 8. c3
Nd7 9. Nf1 Bf5 10. Be3 O-O-O 11. Qc2 Bxd3 12. Qxd3 f5 13. O-O-O Nb6 14. Nd2
Rhf8 15. g3 Qf6 16. f4 Qe6 17. Nf3 Ng8 18. Ng5 Qg6 19. h4 Nc4 20. h5 Qe8 21.
Bf2 Qa4 22. Kb1 Qb5 23. b3 Rde8 24. Rhe1 a5 25. Ka1 Ba3 26. Rb1 Qc6 $4 27. bxc4
dxc4 28. Qf3 Qxf3 29. Nxf3 Nf6 30. Ne5 Ne4 31. Be3 Re6 32. Nxc4 Rff6 33. Nxa3
1-0

[Event "35 Masters 2011"]
[Site "Rennes"]
[Date "2011.06.11"]
[Round "1.12"]
[White "Demellier, Antonin"]
[Black "Savary, Xavier"]
[Result "1-0"]
[WhiteElo "1686"]
[BlackElo "1875"]
[PlyCount "85"]
[EventDate "2011.??.??"]

1. e4 e5 2. Nf3 Nc6 3. d4 exd4 4. Bc4 Bc5 5. c3 Nf6 6. cxd4 Bb4+ 7. Bd2 Bxd2+
8. Nbxd2 d5 9. exd5 Nxd5 10. Qb3 Na5 11. Qb5+ c6 12. Qc5 b6 13. Qa3 Nxc4 14.
Nxc4 Qe7+ 15. Qxe7+ Kxe7 16. O-O f6 17. Rfe1+ Be6 18. Rac1 Rhd8 19. Ne3 Rac8
20. h3 Kf7 21. a3 Ne7 22. Nc2 Nf5 23. g4 Ne7 24. Re3 h5 25. Rce1 Rd6 26. Nd2
Nd5 27. Nc4 Rcd8 28. Nxd6+ Rxd6 29. Re4 f5 30. gxf5 Bxf5 31. R4e2 Rg6+ 32. Kh1
Nf4 33. Re7+ Kf6 34. Rc7 Rg2 35. Ne3 Rxf2 36. Nxf5 Kxf5 37. Re5+ Kf6 38. Rxc6+
Kf7 39. d5 Ng6 40. Rc7+ Kf6 41. Re6+ Kf5 42. Rf7+ Kg5 43. Rxf2 1-0

[Event "35 Masters 2011"]
[Site "Rennes"]
[Date "2011.06.11"]
[Round "2.1"]
[White "Le Marec, Simon"]
[Black "Maulana, Kahfi"]
[Result "0-1"]
[WhiteElo "2115"]
[BlackElo "1917"]
[PlyCount "117"]
[EventDate "2011.??.??"]

1. Nf3 g6 2. d4 Nf6 3. g3 Bg7 4. Bg2 d6 5. O-O O-O 6. c4 Nbd7 7. Nc3 Re8 8. e4
c6 9. e5 dxe5 10. dxe5 Ng4 11. e6 Nde5 12. exf7+ Nxf7 13. Qxd8 Rxd8 14. Re1
Nge5 15. c5 Nd3 16. Rxe7 Bf8 17. Re2 Bxc5 18. Be3 Bxe3 19. fxe3 Bg4 20. h3 Bxf3
21. Bxf3 Nde5 22. Be4 Rd7 23. Bc2 Rad8 24. Ne4 Kg7 25. Rf1 b6 26. Bb3 c5 27.
Ba4 Re7 28. Nc3 a6 29. Kg2 b5 30. Bb3 c4 31. Bd1 Nd3 32. a3 Re5 33. b3 Rde8 34.
bxc4 bxc4 35. Ba4 R8e6 36. e4 Ng5 37. Bd7 Rd6 38. Bc8 Nc5 39. Rc1 Rd3 40. h4
Nf7 41. Bg4 Nb3 42. Rd1 Rxc3 43. Rd7 Nc5 44. Ra7 Rb3 45. Bc8 Rb6 46. Rc2 Rc6
47. Rf2 Rf6 48. Rc2 Rxe4 49. Rc7 Nd3 50. Bb7 Ne1+ 51. Kh3 Nxc2 52. Bxe4 Nxa3
53. Bd5 Kf8 54. h5 gxh5 55. Kh4 a5 56. Ra7 c3 57. Rc7 c2 58. Be4 Rf1 59. Bxc2
0-1

[Event "35 Masters 2011"]
[Site "Rennes"]
[Date "2011.06.11"]
[Round "2.2"]
[White "Castel, Efflam"]
[Black "Theon, Pierre"]
[Result "0-1"]
[WhiteElo "1922"]
[BlackElo "2103"]
[PlyCount "137"]
[EventDate "2011.??.??"]

1. d4 g6 2. c4 Bg7 3. Nc3 c5 4. d5 Bxc3+ 5. bxc3 f5 6. g3 Qa5 7. Qd3 d6 8. Bg2
Nd7 9. Nf3 Ngf6 10. O-O Nb6 11. Ng5 Qa6 12. Ne6 Bxe6 13. dxe6 Rb8 14. Bh6 Qxc4
15. Qxc4 Nxc4 16. Rab1 Nb6 17. a4 Rg8 18. a5 Nbd5 19. c4 Nc7 20. Bxb7 {(=)}
Nxe6 21. Bd5 Kf7 22. Bb7 g5 23. f4 g4 24. Rb2 Kg6 25. Bg5 Nxg5 26. fxg5 Kxg5
27. Rfb1 Ne4 28. Bd5 {(=)} Rxb2 29. Rxb2 Rd8 30. Rb7 Nc3 31. Bg2 Kf6 32. Rxa7
Rb8 33. Bb7 d5 34. Bxd5 {(=)} Nxd5 35. cxd5 Rd8 36. Rc7 Rxd5 37. a6 Rd1+ 38.
Kf2 Ra1 39. Rxc5 Rxa6 40. Rc7 Ra3 41. Rb7 h5 42. Rb8 h4 43. gxh4 Rh3 44. Kg2
Rxh4 45. Rb5 Rh3 46. Ra5 Re3 47. Kf2 Rh3 48. Kg2 {(=)} Rb3 49. Rc5 Ra3 50. Rb5
e6 51. Rc5 Re3 52. Kf2 Re5 53. Rc8 Re4 54. Rc5 Kg5 55. e3 Ra4 56. Rc6 Kf6 57.
Rc2 Kg5 58. Rc6 Ra2+ 59. Kg3 e5 60. Rc5 e4 61. Rc3 Re2 62. Ra3 Rxe3+ 63. Rxe3
f4+ 64. Kf2 fxe3+ 65. Kxe3 Kf5 66. Ke2 Kf4 67. Kf2 e3+ 68. Kg2 Ke4 69. Kf1 0-1

[Event "35 Masters 2011"]
[Site "Rennes"]
[Date "2011.06.11"]
[Round "2.3"]
[White "Aubry, Yannis"]
[Black "Fisson, Sebastien"]
[Result "1-0"]
[WhiteElo "2055"]
[BlackElo "1910"]
[PlyCount "45"]
[EventDate "2011.??.??"]

1. e4 c5 2. a3 e6 3. b4 Qf6 4. c3 b6 5. g3 Bb7 6. Bg2 Qg6 7. d3 Nf6 8. Ne2 e5
9. f4 Nxe4 10. dxe4 Bxe4 11. Bxe4 Qxe4 12. O-O h5 13. fxe5 Nc6 14. Bf4 Be7 15.
Nd2 Qf5 16. b5 Nxe5 17. Bxe5 Qxe5 18. Nc4 Qe6 19. Qd3 g5 20. Rae1 d5 21. Nf4
Qxe1 22. Rxe1 dxc4 23. Qe4 1-0

[Event "35 Masters 2011"]
[Site "Rennes"]
[Date "2011.06.11"]
[Round "2.4"]
[White "Wirth, Thierry"]
[Black "Louis, Corentin"]
[Result "1/2-1/2"]
[WhiteElo "1897"]
[BlackElo "1946"]
[PlyCount "42"]
[EventDate "2011.??.??"]

1. e4 d6 2. d4 Nf6 3. Bd3 e5 4. c3 d5 5. dxe5 Nxe4 6. Bxe4 dxe4 7. Qxd8+ Kxd8
8. Bf4 Na6 9. Ne2 Bg4 10. Nc1 f5 11. exf6 gxf6 12. h3 Bh5 13. g4 Bg6 14. Nd2
Nc5 15. Nc4 Ne6 16. Ne2 Bc5 17. b4 Bb6 18. O-O-O+ Ke7 19. Nxb6 axb6 20. Rd2
Rhd8 21. Rhd1 Rd3 {(=)} 1/2-1/2

[Event "35 Masters 2011"]
[Site "Rennes"]
[Date "2011.06.11"]
[Round "2.5"]
[White "Busnel, Laurent"]
[Black "Demellier, Antonin"]
[Result "1-0"]
[WhiteElo "1913"]
[BlackElo "1686"]
[PlyCount "69"]
[EventDate "2011.??.??"]

1. e4 e6 2. d4 d5 3. exd5 exd5 4. c4 Nf6 5. Nc3 Bb4 6. Bd3 dxc4 7. Bxc4 O-O 8.
Nge2 c5 9. O-O Bxc3 10. bxc3 cxd4 11. cxd4 Nc6 12. Rb1 b6 13. Ba3 Re8 14. Bb5
Bb7 15. Rc1 Qd5 16. Nc3 Qg5 17. f4 Qf5 18. Qa4 Rac8 19. Rcd1 Red8 20. Bd3 Qg4
21. Be2 Qe6 22. Bb2 Ne4 23. Nxe4 Qxe4 24. Bf3 Qxf4 25. Kh1 Qe3 26. Rfe1 Qf2 27.
Re2 Qh4 28. Re4 Qh6 29. d5 Na5 30. Rg4 g6 31. Qd4 f5 32. Rg3 Nc4 33. Rh3 Qf8
34. Qh8+ Kf7 35. Rxh7+ 1-0

[Event "35 Masters 2011"]
[Site "Rennes"]
[Date "2011.06.11"]
[Round "2.6"]
[White "Prioul, Jean"]
[Black "Alanic, Xavier"]
[Result "0-1"]
[WhiteElo "1905"]
[BlackElo "2287"]
[PlyCount "116"]
[EventDate "2011.??.??"]

1. Nf3 c5 2. c4 Nc6 3. Nc3 g6 4. g3 Bg7 5. Bg2 e5 6. d3 d6 7. Nd2 f5 8. Nf1
Nge7 9. Bg5 h6 10. Bxe7 Nxe7 11. Ne3 Rb8 12. Ned5 O-O 13. O-O a6 14. Nxe7+ Qxe7
15. Nd5 Qd8 16. a4 b6 17. Qc2 Be6 18. Rab1 a5 19. e3 Kh7 20. Rbe1 Bd7 21. b3
Rf7 22. f4 Be6 23. h3 Qd7 24. Kh2 Qa7 25. Nc3 Re8 26. Bd5 Ree7 27. Bc6 {(=)}
Rf8 28. Bd5 Bd7 29. Bf3 Qb8 30. Nd5 Ree8 31. Qg2 Qd8 32. Re2 Be6 33. Rfe1 Rf7
34. Rg1 Bf6 35. Rge1 Rg7 36. Rg1 Kh8 37. Qf1 Bc8 38. Nxf6 Qxf6 39. Bd5 exf4 40.
exf4 Rxe2+ 41. Qxe2 Re7 42. Qc2 Kg7 43. Rg2 g5 44. Re2 {(=)} Bd7 45. Rxe7+ Qxe7
46. Qb2+ Kh7 47. Kg2 Be8 48. Bf3 gxf4 49. gxf4 Bf7 50. Qe2 Qh4 51. Qe3 Qf6 52.
Kg3 Kg7 53. Bc6 h5 54. Kh2 Qb2+ 55. Bg2 Kf8 56. Qg3 Qf6 57. Qg5 Qxg5 58. fxg5
h4 0-1

[Event "35 Masters 2011"]
[Site "Rennes"]
[Date "2011.06.11"]
[Round "2.7"]
[White "Dugue, Benoit"]
[Black "Huard, Herve"]
[Result "0-1"]
[WhiteElo "1873"]
[BlackElo "1770"]
[PlyCount "76"]
[EventDate "2011.??.??"]

1. d4 Nf6 2. e3 g6 3. f4 c5 4. Nf3 cxd4 5. exd4 Bg7 6. Bd3 d6 7. O-O O-O 8. c3
Nc6 9. Qc2 e6 10. Nbd2 Nd5 11. Nb3 f5 12. Re1 Nf6 13. Bd2 Bd7 14. Bc4 d5 15.
Bd3 Ne4 16. Rf1 Rc8 17. Be3 a6 18. Ne5 Bxe5 19. dxe5 Nb4 20. Qe2 Nxd3 21. Qxd3
Bb5 22. Qd1 Bxf1 23. Qxf1 Rc4 24. Rc1 Qc7 25. Nd4 Qe7 26. Qe1 Rfc8 27. g3 h6
28. Qd1 Kh7 29. Qb3 b5 30. Qd1 Qe8 31. a3 Kg7 32. Kg2 Kf7 33. Ne2 g5 34. Nd4 g4
35. Ne2 Ke7 36. Qh1 Qh5 37. h4 gxh3+ 38. Qxh3 Qxe2+ 0-1

[Event "35 Masters 2011"]
[Site "Rennes"]
[Date "2011.06.11"]
[Round "2.8"]
[White "Savary, Xavier"]
[Black "Stievenard, Hugo"]
[Result "1-0"]
[WhiteElo "1875"]
[BlackElo "1720"]
[PlyCount "65"]
[EventDate "2011.??.??"]

1. e4 c5 2. Nf3 a6 3. Nc3 e6 4. d4 d5 5. exd5 exd5 6. dxc5 Nf6 7. Be3 Nc6 8.
Be2 Bg4 9. O-O Be7 10. Qd2 Qa5 11. a3 O-O 12. b4 Qd8 13. Rad1 Ne4 14. Nxe4 dxe4
15. Nd4 Bxe2 16. Nxc6 Qxd2 17. Nxe7+ Kh8 18. Rxd2 Bxf1 19. Kxf1 Rad8 20. Ke2 f6
21. Rd6 g6 22. c4 Kg7 23. Bd4 Kf7 24. Nd5 Rxd6 25. cxd6 f5 26. Nf6 Rd8 27. d7
Ke7 28. Bb6 Rxd7 29. Nxd7 Kxd7 30. Be3 Ke6 31. Bf4 Kf6 32. h4 Ke6 33. Ke3 1-0

[Event "35 Masters 2011"]
[Site "Rennes"]
[Date "2011.06.11"]
[Round "2.9"]
[White "Bordais, Baptiste"]
[Black "Perez, Javier"]
[Result "1-0"]
[WhiteElo "1780"]
[BlackElo "1870"]
[PlyCount "63"]
[EventDate "2011.??.??"]

1. Nf3 Nf6 2. d4 e6 3. c4 Nc6 4. Nc3 Bb4 5. Bg5 h6 6. Bh4 b6 7. e3 Ba6 8. Bd3
Na5 9. Qe2 Qc8 10. Rc1 Qb7 11. O-O g5 12. Bg3 Bxc3 13. Rxc3 d5 14. Be5 Ke7 15.
cxd5 Bxd3 16. Qxd3 Nxd5 17. Rc2 f6 18. Bg3 Kf7 19. Rfc1 Rac8 20. a3 c5 21. dxc5
Ne7 22. cxb6 Rcd8 23. Qc3 axb6 24. Nd4 Nd5 25. Qd3 Rd7 26. b4 e5 27. Nb5 Rhd8
28. bxa5 Kg7 29. Qe2 bxa5 30. e4 Nf4 31. Bxf4 Qxe4 32. Be3 {illisible} 1-0

[Event "35 Masters 2011"]
[Site "Rennes"]
[Date "2011.06.11"]
[Round "2.10"]
[White "Dupitier, Mickael"]
[Black "Collet, Davy"]
[Result "1/2-1/2"]
[WhiteElo "1853"]
[BlackElo "1796"]
[PlyCount "64"]
[EventDate "2011.??.??"]

1. d4 d5 2. Bf4 c6 3. e3 Nf6 4. c3 a6 5. Bd3 Bg4 6. f3 Bh5 7. Nd2 Bg6 8. e4 e6
9. Ne2 Be7 10. O-O O-O 11. Bg3 h6 12. Nf4 Bh7 13. e5 Nfd7 14. Bxh7+ Kxh7 15. b4
a5 16. a3 axb4 17. Qc2+ Kg8 18. axb4 Na6 19. Nd3 Nc7 20. Nb3 Nb5 21. Rxa8 Qxa8
22. Ra1 Qc8 23. Bf2 Qc7 24. Be3 Nb6 25. Nf4 Nc4 26. Bc1 b6 27. Nd3 Qb7 28. Bb2
Ra8 29. Qc1 Rxa1 30. Qxa1 Qa7 31. Kf2 Qxa1 32. Bxa1 g6 1/2-1/2

[Event "35 Masters 2011"]
[Site "Rennes"]
[Date "2011.06.11"]
[Round "2.11"]
[White "Ferret-Leger, Gaspard"]
[Black "Vandomel, Fabrice"]
[Result "1-0"]
[WhiteElo "1756"]
[BlackElo "1841"]
[PlyCount "59"]

1. e4 e6 2. d4 d5 3. Nd2 Nf6 4. e5 Nfd7 5. Bd3 c5 6. c3 b6 7. Ne2 Ba6 8. Bxa6
Nxa6 9. O-O Nc7 10. f4 f5 11. exf6 Nxf6 12. Ng3 g6 13. Nf3 Bd6 14. Re1 O-O 15.
Ne5 cxd4 16. cxd4 Nfe8 17. Qd3 Ng7 18. Bd2 Qe8 19. Rf1 Nb5 20. Kh1 Nf5 21. Nxf5
exf5 22. Rfe1 Nc7 23. a4 a5 24. b3 Qc8 25. Rac1 Qb7 26. Qc3 Rac8 27. Qc6 Qxc6
28. Rxc6 Bb4 29. Bxb4 axb4 30. Rec1 1-0

[Event "35 Masters 2011"]
[Site "Rennes"]
[Date "2011.06.11"]
[Round "2.12"]
[White "Charpentier, Maxime"]
[Black "Henry, Solenne"]
[Result "1-0"]
[WhiteElo "1824"]
[BlackElo "1707"]
[PlyCount "101"]
[EventDate "2011.??.??"]

1. e4 e6 2. c4 c5 3. Nf3 Nc6 4. Be2 g6 5. O-O Bg7 6. Nc3 Nge7 7. d3 O-O 8. Be3
b6 9. Qd2 d5 10. exd5 exd5 11. Bh6 dxc4 12. Bxg7 Kxg7 13. dxc4 Qxd2 14. Nxd2
Nd4 15. Bd3 Bf5 16. Nde4 Nec6 17. Rfd1 Nb4 18. Bf1 Rad8 19. a3 Nbc2 20. Rac1
Rfe8 21. f3 h6 22. Bd3 Be6 23. Bxc2 Bxc4 24. Bd3 Nxf3+ 25. gxf3 Bxd3 26. Kf2 f5
27. Ng3 Kf6 28. Rd2 Bc4 29. Rcd1 Rxd2+ 30. Rxd2 Ke6 31. a4 a6 32. Nce2 g5 33.
f4 b5 34. axb5 axb5 35. Nh5 Kf7 36. Neg3 Be6 37. Rd6 b4 38. Rc6 c4 39. Ne2 Rc8
40. Rb6 c3 41. Rxb4 c2 42. Nc1 Bc4 43. Rb7+ Kg6 44. Ng3 gxf4 45. Rb6+ Kg5 46.
Nge2 Bxe2 47. Kxe2 h5 48. Kf3 Rd8 49. Rc6 Rd2 50. Ne2 h4 51. Nxf4 1-0

[Event "35 Masters 2011"]
[Site "Rennes"]
[Date "2011.06.12"]
[Round "3.1"]
[White "Theon, Pierre"]
[Black "Aubry, Yannis"]
[Result "1/2-1/2"]
[WhiteElo "2103"]
[BlackElo "2055"]
[PlyCount "40"]
[EventDate "2011.??.??"]

1. e4 e6 2. d4 d5 3. Nc3 Bb4 4. e5 c5 5. Qg4 Ne7 6. dxc5 Nbc6 7. Bd2 O-O 8.
O-O-O Ng6 9. Nf3 Bxc5 10. Qg3 f5 11. exf6 Qxf6 12. Bg5 Bxf2 13. Qd6 Qf7 14. Bb5
Qd7 15. Qa3 h6 16. Bd2 Qe7 17. Qa4 Bd7 18. Rhf1 Bb6 19. Rfe1 Qf6 20. Qg4 Qf5 {
(=)} 1/2-1/2

[Event "35 Masters 2011"]
[Site "Rennes"]
[Date "2011.06.12"]
[Round "3.2"]
[White "Maulana, Kahfi"]
[Black "Alanic, Xavier"]
[Result "1-0"]
[WhiteElo "1917"]
[BlackElo "2287"]
[PlyCount "108"]
[EventDate "2011.??.??"]

1. e4 c6 2. Ne2 d5 3. e5 d4 4. c3 c5 5. Ng3 Nc6 6. f4 a6 7. a4 g5 8. Bc4 e6 9.
d3 gxf4 10. Bxf4 Bg7 11. O-O Bxe5 12. Ne4 Qc7 13. Bxe5 Nxe5 14. cxd4 cxd4 15.
Nbd2 f5 16. Rc1 Qe7 17. Qh5+ Nf7 18. Rxf5 exf5 19. Qxf7+ Qxf7 20. Nd6+ Ke7 21.
Nxf7 Nh6 22. Nxh6 Bd7 23. Nf3 b5 24. axb5 axb5 25. Bb3 Rac8 26. Re1+ Kf6 27.
Nxd4 Rhe8 28. Rf1 Kg6 29. Nhxf5 Bxf5 30. Rxf5 Re1+ 31. Kf2 Rb1 32. Bf7+ Kg7 33.
Ne6+ Kh8 34. Rxb5 Rd1 35. Ke2 Rh1 36. h3 Rc2+ 37. Ke3 Rc8 38. Kd4 Rg1 39. g4
Rf1 40. Rf5 Rb1 41. Rf2 Rh1 42. Ng5 h6 43. Bd5 Ra1 44. Ne4 Ra4+ 45. Bc4 Ra7 46.
b4 Kg7 47. b5 Rd7+ 48. Kc3 Ra8 49. Kb4 Rb8 50. Nc5 Re7 51. d4 Re3 52. d5 Rxh3
53. d6 Rh4 54. d7 Rxg4 1-0

[Event "35 Masters 2011"]
[Site "Rennes"]
[Date "2011.06.12"]
[Round "3.3"]
[White "Louis, Corentin"]
[Black "Busnel, Laurent"]
[Result "1-0"]
[WhiteElo "1946"]
[BlackElo "1913"]
[PlyCount "57"]
[EventDate "2011.??.??"]

1. e4 c5 2. Ne2 e6 3. g3 Qc7 4. Bg2 Nf6 5. Nbc3 a6 6. a4 Nc6 7. O-O b6 8. f4 d6
9. d4 cxd4 10. Nxd4 Bb7 11. Be3 Be7 12. g4 h5 13. h3 hxg4 14. hxg4 Rh4 15. Bf3
O-O-O 16. g5 Nd7 17. g6 Nxd4 18. Qxd4 Bf6 19. Qd2 fxg6 20. Rad1 Bxc3 21. bxc3
Nc5 22. Qg2 Qf7 23. a5 Qf6 24. e5 Qf7 25. axb6 Bxf3 26. Qxf3 Qb7 27. Bxc5 Qxf3
28. Rxf3 dxc5 29. b7+ 1-0